Concesiones mineras en Talamanca: amenaza para indígenas /
Guardado en:
| Hovedforfatter: | |
|---|---|
| Format: | Texto |
| Tags: |
Tilføj Tag
Ingen Tags, Vær først til at tagge denne postø!
|
MARC
| LEADER | 00000 a a2200000 04500 | ||
|---|---|---|---|
| 001 | 45946 | ||
| 003 | |||
| 040 | |||
| 100 | |a Nord, Cristina | ||
| 245 | |a Concesiones mineras en Talamanca: |b amenaza para indígenas / |c Cristina Nord | ||
| 773 | |g volumen14, número373 ( , 1994), páginas 27-29 | ||
| 999 | |c 30714 |d 30714 | ||
